| 000 | 01137nam a22002777a 4500 | ||
|---|---|---|---|
| 003 | dpl | ||
| 005 | 20180827153104.0 | ||
| 008 | 180711b xxu||||| |||| 00| 0 eng d | ||
| 010 | _aA-984322 | ||
| 020 |
_c250.00 _a8121405556 |
||
| 035 | _aA-984322, A-984347, A-984327 | ||
| 037 | _bCen Lib/Ret | ||
| 040 |
_aDPL _bHN _c0 |
||
| 082 |
_aउ _bबेदीसु |
||
| 100 |
_aबेदी, सुषम _967089 |
||
| 245 |
_aगाथा अमरबेल की / _cसुषम बेदी |
||
| 246 |
_aGatha amarbei ki / _bby Susham Bedi |
||
| 260 |
_bनेशनल पब्लिशिंग हाउस _aनयी दिल्ली _c1999 |
||
| 270 |
_bनयी दिल्ली _a2/35 अंसारी रोड, दरयागंज _e110002 |
||
| 300 |
_a339पृ. _c19सेमी(सजिल्द ) |
||
| 650 |
_a हिंदी साहित्य _x _z _967090 |
||
| 650 |
_a हिंदी साहित्य _xउपन्यास _942619 |
||
| 650 |
_aHindi literature _967091 |
||
| 650 |
_aHindi literature _xFiction _967092 |
||
| 942 |
_2ddc _cHN _hउ _mबेदीसु |
||
| 999 |
_c116547 _d116547 |
||